El arte feudal y su contenido social

Guardat en:
Dades bibliogràfiques
Autor principal: Scobeltzine, Andre (Autor)
Format: Llibre
Idioma:espanyol
Publicat: Madrid Mondadori 1973
Col·lecció:Biblioteca Mondadori, 6
Matèries:
Etiquetes: Afegir etiqueta
Sense etiquetes, Sigues el primer a etiquetar aquest registre!

MARC

LEADER 00000nam a2200000 a 4500
001 UCY0334
003 CL-VaPUC
008 940725e19730000SP |||||||||||||||||spa|d
082 0 4 |a 709.02  |b SCO  |2 21 
100 0 |a Scobeltzine, Andre  |e author  |9 327987 
245 1 3 |a El arte feudal y su contenido social 
300 |a 290 p 
942 |c BK 
945 |d 19940725 00:00:00  |a oaravena 
260 |a Madrid  |b Mondadori  |c 1973 
650 0 |a Arte medieval  |9 267894 
583 |a last modification  |c 19940725 00:00:00  |k Rodrigo Vera 
490 0 |a Biblioteca Mondadori, 6 
999 |c 229350  |d 229348 
952 |0 0  |1 0  |4 0  |6 709_020000000000000_SCO_1973  |7 0  |8 X  |9 230376  |a BIBHIS  |b BIBHIS  |d 2019-11-15  |i 2997843  |o 709.02 SCO 1973  |p 2997843  |r 2024-01-30  |w 2019-11-15  |y BK_X  |k HIS